यशस्वी मुलाखतीसाठी. (Record no. 268430)

MARC details
000 -LEADER
fixed length control field 00628nam a2200181Ia 4500
008 - FIXED-LENGTH DATA ELEMENTS--GENERAL INFORMATION
fixed length control field 090630s9999 xx 000 0 und d
082 ## - DEWEY DECIMAL CLASSIFICATION NUMBER
Item number 16574
100 ## - MAIN ENTRY--PERSONAL NAME
Personal name वाडकर अलका.
245 ## - TITLE STATEMENT
Title यशस्वी मुलाखतीसाठी.
Statement of responsibility, etc वाडकर अलका.
260 ## - PUBLICATION, DISTRIBUTION, ETC. (IMPRINT)
Name of publisher, distributor, etc उन्मेष - पुणे.
300 ## - PHYSICAL DESCRIPTION
Extent 0
600 ## - SUBJECT ADDED ENTRY--PERSONAL NAME
Personal name वाडकर अलका.
630 ## - SUBJECT ADDED ENTRY--UNIFORM TITLE
Uniform title यशस्वी मुलाखतीसाठी.
655 ## - INDEX TERM--GENRE/FORM
Genre/form data or focus term इतर.
700 ## - ADDED ENTRY--PERSONAL NAME
Personal name वाडकर अलका.
730 ## - ADDED ENTRY--UNIFORM TITLE
Uniform title यशस्वी मुलाखतीसाठी.
942 ## - ADDED ENTRY ELEMENTS (KOHA)
Koha item type Book
Holdings
Withdrawn status Lost status Damaged status Not for loan Home library Current library Date acquired Cost, normal purchase price Total Checkouts Full call number Barcode Date last seen Cost, replacement price Price effective from Koha item type
        Sarvajanik Wachanalaya Shrivardhan Sarvajanik Wachanalaya Shrivardhan 02/08/2004 50.00   16574 SAWASHRI-16574 06/30/2009 50.00 06/30/2009 Book